000
00313nam a22001457a 4500
008
231127b ||||| |||| 00| 0 eng d
020
_a
9781594514319
041
_a
eng
080
_a
316
082
_a
316BUE
100
_a
24
101
_a
SCL
245
_a
CRITICAL SOCIOLOGY
_c
BUECHLER.M.S
942
_2
udc
_c
BK
999
_c
60536
_d
60536